000 00615nam a22001457a 4500
005 20241221090055.0
008 241002b |||||||| |||| 00| 0 eng d
082 _2DPer050 M72 January-March 2018 v. 66 no. 8-10
100 _aTre-Inta, Kristine Lerma B.
_eauthor.
_961972
245 _aEdukasyon sa pagpapakatao :
_bpinagsanib na aralin sa esp at musika /
_cKristine Lerma B. Tre-Inta.
260 _aPhilippines;
_bPublishers Association of the Philippines, Inc.,
_cNovember 2018.
300 _aVolume 66, pages 238-239,
_billustration.
700 _aTre-Inta, Kristine Lerma B.
_eauthor.
_961973
942 _2ddc
_cPER
999 _c22089
_d22089